000
00240nam a22000857a 4500
008
160914b xxu||||| |||| 00| 0 eng d
100
_9
448
_a
Tuli. G.D. etal
245
_a
The Language of Chemistry
260
_a
New Delhi
_b
S. Chand Publications
_c
2012
999
_c
3107
_d
3107